Themes in economic analysis: (Record no. 102157)

MARC details
000 -LEADER
fixed length control field 00901nam a22002417a 4500
005 - DATE AND TIME OF LATEST TRANSACTION
control field 20170314105642.0
010 ## - LCCN (DPL NO)
LC control number 1617EN ENG-116976
020 ## - INTERNATIONAL STANDARD BOOK NUMBER
International Standard Book Number 9781138191334
Terms of availability 1195.00
035 ## - SYSTEM CONTROL NUMBER
System control number B-649773-780
035 ## - SYSTEM CONTROL NUMBER
System control number EN-100508
037 ## - SOURCE OF ACQUISITION
Stock number DPL
Source of stock number/acquisition UPPAL
037 ## - SOURCE OF ACQUISITION
Source of stock number/acquisition DBAD/PUB
082 ## - DEWEY DECIMAL CLASSIFICATION NUMBER
Classification number 330
245 ## - TITLE STATEMENT
Title Themes in economic analysis:
Statement of responsibility, etc ed by Subrata Guha; Rajendra Prasad Kundu [and] S.Subramanian /
Remainder of title theory, policy and measurement /
260 ## - PUBLICATION, DISTRIBUTION, ETC. (IMPRINT)
Place of publication, distribution, etc New York
Name of publisher, distributor, etc Routledge
Date of publication, distribution, etc 2016
270 ## - ADDRESS
Address 711 third avenue
City New York
Postal code NY 10017
300 ## - PHYSICAL DESCRIPTION
Extent xxv,383p.
Dimensions 24cm(Hb)
500 ## - GENERAL NOTE
General note Essays in honour of satish Jain
700 ## - ADDED ENTRY--PERSONAL NAME
Personal name Kundu, Rajendra Prasad
700 ## - ADDED ENTRY--PERSONAL NAME
Personal name Subramanian, S.
942 ## - ADDED ENTRY ELEMENTS (KOHA)
Source of classification or shelving scheme Dewey Decimal Classification
Item type English Books
Classification part 330
Call number suffix THE
Holdings
Withdrawn status Lost status Not for loan Collection code Home library Current library Date acquired Source of acquisition Cost, normal purchase price Full call number Barcode Copy number Cost, replacement price Koha item type Public note
    Not For Loan Non-fiction D.B.Act.Division Bawana 29/12/2016 DBAD/PUB 1195.00 330 THE EN-100508 1 1195.00 English Books  
      Non-fiction Central Library Central Library 14/03/2017 BPPD/EN/2016-17/307/24.11.2016/13925/07.12.2016/02.01.2017 1195.00 330 THE B-649773 1 1195.00 English Books  
      Non-fiction Janak Puri Janak Puri 14/03/2017 BPPD/EN/2016-17/307/24.11.2016/13925/07.12.2016/02.01.2017 1195.00 330 THE B-649777 1 1195.00 English Books  
Written off     Non-fiction Karol Bagh Karol Bagh 14/03/2017 BPPD/EN/2016-17/307/24.11.2016/13925/07.12.2016/02.01.2017 1195.00 330 THE B-649778 1 1195.00 English Books Written off on approval by DLB (By Circulation); dtd 20.12.2022
      Non-fiction Kasturba Gandhi Marg Kasturba Gandhi Marg 14/03/2017 BPPD/EN/2016-17/307/24.11.2016/13925/07.12.2016/02.01.2017 1195.00 330 THE B-649776 1 1195.00 English Books  
      Non-fiction New Police Line New Police Line 14/03/2017 BPPD/EN/2016-17/307/24.11.2016/13925/07.12.2016/02.01.2017 1195.00 330 THE B-649774 1 1195.00 English Books  
      Non-fiction Patel Nagar Patel Nagar 14/03/2017 BPPD/EN/2016-17/307/24.11.2016/13925/07.12.2016/02.01.2017 1195.00 330 THE B-649775 1 1195.00 English Books  
      Non-fiction Shahdara Branch Shahdara Branch 14/03/2017 BPPD/EN/2016-17/307/24.11.2016/13925/07.12.2016/02.01.2017 1195.00 330 THE B-649779 1 1195.00 English Books  
      Non-fiction Yojana Vihar Yojana Vihar 14/03/2017 BPPD/EN/2016-17/307/24.11.2016/13925/07.12.2016/02.01.2017 1195.00 330 THE B-649780 1 1195.00 English Books  

© Delhi Public Library
Hit Counter
free hit counter